| 000 | 00571nam a2200229Ia 4500 | ||
|---|---|---|---|
| 003 | OSt | ||
| 005 | 20220928140515.0 | ||
| 006 | a|||||r|||| 00| 0 | ||
| 007 | ta | ||
| 008 | 220927b |||||||| |||| 00| 0 eng d | ||
| 024 | _a9075 | ||
| 037 | _cTextual | ||
| 040 |
_aSDCL _cSDCL _beng |
||
| 041 |
_2eng _aeng |
||
| 082 | _aO-,3:g, K2 | ||
| 100 |
_aGeorge Ian _9495603 |
||
| 245 | 0 | _aMoral and the story. | |
| 260 | _c1962 | ||
| 700 |
_a Nicholas Brian _9495604 |
||
| 942 |
_hO-,3:g, K2 _cTEXL _2CC |
||
| 999 |
_c811823 _d811823 |
||